<?xml version="1.0" encoding="UTF-8"?><record xmlns="http://www.loc.gov/MARC21/slim" xmlns:zs="http://docs.oasis-open.org/ns/search-ws/sruResponse">
  <leader>01270cz  a2200217n  4500</leader>
  <controlfield tag="001">no2010101596</controlfield>
  <controlfield tag="003">DLC</controlfield>
  <controlfield tag="005">20170209054024.0</controlfield>
  <controlfield tag="008">100622n| azannaabn          |b aaa     c</controlfield>
  <datafield ind1=" " ind2=" " tag="010">
    <subfield code="a">no2010101596</subfield>
  </datafield>
  <datafield ind1=" " ind2=" " tag="035">
    <subfield code="a">(OCoLC)oca08535669</subfield>
  </datafield>
  <datafield ind1=" " ind2=" " tag="040">
    <subfield code="a">NNYU-HJ</subfield>
    <subfield code="b">eng</subfield>
    <subfield code="e">rda</subfield>
    <subfield code="c">NNYU-HJ</subfield>
    <subfield code="d">PU</subfield>
  </datafield>
  <datafield ind1="1" ind2=" " tag="100">
    <subfield code="a">Hofmeister, S.</subfield>
  </datafield>
  <datafield ind1=" " ind2=" " tag="370">
    <subfield code="a">Munich (Germany)</subfield>
    <subfield code="e">Vienna (Austria)</subfield>
    <subfield code="2">naf</subfield>
  </datafield>
  <datafield ind1=" " ind2=" " tag="374">
    <subfield code="a">Rabbis</subfield>
    <subfield code="2">lcsh</subfield>
  </datafield>
  <datafield ind1="1" ind2=" " tag="400">
    <subfield code="a">Hofmaisṭer, Shelomoh Eliʻezer</subfield>
  </datafield>
  <datafield ind1="1" ind2=" " tag="400">
    <subfield code="a">הופמייסטער, שלמה אליעזר</subfield>
  </datafield>
  <datafield ind1="1" ind2=" " tag="400">
    <subfield code="a">Hofmeister, Schlomo</subfield>
  </datafield>
  <datafield ind1=" " ind2=" " tag="667">
    <subfield code="a">Non-Latin script reference not evaluated.</subfield>
  </datafield>
  <datafield ind1=" " ind2=" " tag="670">
    <subfield code="a">Sidur Tefilat Yeshurun, 2010:</subfield>
    <subfield code="b">t.p. ha-Rav Shelomoh Eliʻezer Hofmaisṭer, rav ha-ḳehilah de-ḳ.ḳ. Ṿien= הרב שלמה אליעזר הופמייסטער, רב הקהילה דק״ק וויען) t.p. verso (Rabbiner S. Hofmeister, Rabbinat, Seitenstettengasse 4, 1010 Wien, Austria [in rom.])</subfield>
  </datafield>
  <datafield ind1=" " ind2=" " tag="670">
    <subfield code="a">Demir, R. Reise nach Jerusalem : ein Imam und ein Rabbiner unterwegs, 2016:</subfield>
    <subfield code="b">title page (Schlomo Hofmeister; co-author) page 6 (Gemeinderabbiner von Wien) jacket (M.Sc., rabbi; born in Munich; studied history, political science, anthropology in Vancouver, Munich, and London School of Economics; religious education in Jerusalem; rabbi in Vienna since 2008)</subfield>
  </datafield>
</record>
